000
00319nam a22001337a 4500
008
181019b xxu||||| |||| 00| 0 eng d
020
_a
9781480084780
041
_a
eng
080
_a
631
100
_a
43
101
_a
FIZ
245
_a
University Physics Electricity And Magnetism
_c
Samullah.M
942
_2
udc
_c
BK
999
_c
50184
_d
50184